MDQL
is popping MORE tags! Check the
thread
!
Quizzes
Events
Quiz Creation
Community
Videos
Private Events
Remove Ads
Sign In
Join for FREE
Feedback
Dark Mode
Quiz Categories
Sports
Geography
Music
Movies
Television
Just For Fun
Miscellaneous
History
Literature
Language
Science
Gaming
Entertainment
Religion
Holiday
For Kids
Quiz Lab
Recent
Popular Today
Quiz Kudos Today
Editor Picks
Curator Picks
Quizzes by...
Day
Popularity
Type
Ratings
Length
Year
Community
Subscriptions
Recent Discussions
Orange Saloon
Badges
Playlists
Quests
Create
Leaderboards
Showdown
Live 5
Trivia Bingo
Activity
Puzzle Library
Sporcle Events
Private Events
Virtual Trivia
Globe League
Become a Host
Pub Owners
SporcleCon
Opinionation
Our Games
Videos
Blog
Mobile Apps
Partnerships
Remove Ads and Go Orange
Feedback
Music
Pop Music
The Beatles
Song
Album
Lyrics
Bands
Singers
Artist
Clip
Rock
Rap
Classical
Billboard
Country Music
Kpop
Taylor Swift
Music
Pop Music
The Beatles
Song
Album
Lyrics
Bands
Singers
Artist
Clip
Rock
Rap
Classical
Billboard
Country Music
Kpop
Taylor Swift
Random Quiz
Search Sporcle
×
Quiz Lab
Quiz Lab
Music
Bands
Type in answers that appear in a list
Type in answers that appear in a list
Classic
Best Score? Go Orange.
80s US Artists by Clip Stats
Can you name these 80s songs by US bands and singers by just their music, without vocals?
By
_pressure82_
7m
26 Questions
254 Plays
254 Plays
254 Plays
Comments
Comments
Give Quiz Kudos
Give Quiz Kudos
-
- Ratings
hide this ad
Replay
Link that replays current quiz
Next Quiz
Link to next quiz in quiz playlist
You Got
0%
They Got
Avg Score
37%
Avg Friend Score
Upgrade to see
Score Distribution
Jump to the score distribution portion of the page
Score
0/26
Timer
07:00
0
Plays Today
Time
Song
% Correct
0:08
Whip It
92.5%
2:56
Walk Like an Egyptian
77.6%
1:36
The Heat is On
70.5%
0:00
Magic
66.9%
1:04
The Way It Is
61%
0:16
Voices Carry
59.1%
0:24
Don't Come Around Here No More
57.5%
2:16
Wanna Be Startin' Somethin'
53.9%
0:40
She's a Beauty
49.2%
2:40
Bad Medicine
45.3%
2:32
And We Danced
43.7%
3:12
The Flame
41.7%
2:24
Caught Up in You
34.6%
Time
Song
% Correct
0:56
Wild Wild Life
30.7%
2:48
Talk Dirty to Me
30.3%
1:20
Head Over Heels
26%
1:28
Should've Known Better
22.8%
2:00
No More Words
21.3%
1:12
A Matter of Trust
20.1%
3:20
Walking on a Thin Line
14.2%
1:52
Don't Let it End
13.8%
1:44
Still They Ride
11.8%
2:08
A Girl in Trouble (Is a Temporary Thing)
11.8%
3:04
In My Dreams
7.5%
0:32
C-I-T-Y
5.5%
0:48
Windows
4.3%
Quiz Playlist
Details
Report
Send in Message
Add To Playlist
Classic:
Type in answers that appear in a list
Last Updated: Sep 30, 2020
Quiz Scoreboard
CHALLENGE
Sign Up to Join the Scoreboard
Show All
Scores
Hide
Comments
May contain spoilers
Recently Published
1-10 Letter E Words III
by El_Dandy
Language
2m
Street Fighter Characters
by Artimus82
Gaming
60s
College Basketball Coaching Resumes
by pancakes188
Sports
9m
More to Explore
Quiz From the Vault
Featured Blog Post
Where Did the Easter Bunny Come From?
hide this ad
You Might Also Like...
Tags
Bands Quiz
Clip Quiz
1980s
Billy Joel
Music Clip
retro
Sound Clips
US Singles
Today's Top Quizzes in Music
Browse Music
hide this ad
Today's Top Quizzes in Bands
Browse Bands
Top Contributed Quizzes in Music
1
Taylor Swift All Songs (2024)
2
Taylor Swift Logic Puzzle
3
Guess the Artist- 70s Songs
4
7-to-1: Billboard Hot 100 #1 Hits of 2010s
5
Sorting Albums and Songs
6
KPOP LOGIC QUIZ
7
Billboard Blitz: Aretha Franklin
8
Guess the Taylor Swift song (Mystery Song)
9
Guess The Taylor Swift Lyrics Song #1
10
Billboard Blitz: ABBA
Explore More
Trending Topics
Disney
Crossword
NBA
Marvel
Anime
Harry Potter
Kpop
Song
Country
Puzzle
The Office
NFL
WWE
Pokémon
Soccer
hide this ad
More By:
_pressure82_
Quiz
Plays
Rating
Category
Featured
Created
Pick the Minecraft Food
8,080
4.27
Gaming
Aug 21, 2016
Word Ladder: New Wave Music
7,810
4.63
Just For Fun
Sep 17, 2017
Minecraft Mobs: Hostile, Neutral or Passive?
7,015
4.23
Gaming
May 30, 2017
Non-Craftable Items
6,636
4.56
Gaming
Jul 2, 2016
Figure Out the Lyrics: Queen
5,162
3.83
Music
Jul 14, 2014
Go to Creator's Profile
Score Distribution
Quiz Creator Spotlight
_pressure82_
Follow
Send a Message
Quizzes Created
-
Created Quiz Play Count
-
More By This Creator
Popular Quizzes Today
1
Find the US States - No Outlines Minefield
2
Find the Countries of Europe - No Outlines Minefield
3
The Countries of the World
4
Find the US States
5
Risky Map Clicking: Biggest States A-Z
6
US States
7
Popular People in 1961
8
Movies - When Are They Set?
More Music Quizzes
Four-Word Album Titles by Image II
Quiz Lab
Trending Quizzes
Risky Map Clicking: Least Populous States A-Z
1-10 Letter G Words
1-10 Letter F Words
Countries of the World: 200 Million BC
Risky Map Clicking: Next State Alphabetically
Recently Updated
Beyoncé Albums
pecheneg
Leaping Animals
pecheneg
Reality TV Shows (A-Z)
bhenderson79
Rickey Henderson's Hall of Fame Teammates
pecheneg
Champions League XIs: Arsenal
pecheneg
Quick Pick: Celebrities in WWE's Hall of Fame
aduchscher
A-Z Keypad Blitz II
pecheneg
Multiple Oscar Actors
pecheneg
Mystery Phrase Blitz: Oscar 'Best Actors'
pecheneg
F. Scott Fitzgerald Novels
LTH
Trending Topics
Crossword
Anime
Kpop
Disney
NBA
Harry Potter
Marvel
Puzzle
Song
The Office
NFL
WWE
Country
Soccer
Pokémon
Your Account Isn't Verified!
In order to create a playlist on Sporcle, you need to verify the email address you used during registration. Go to your
Sporcle Settings
to finish the process.
Report this User
Report this user for behavior that violates our
Community Guidelines
.
Details:
Send Report
Go to the Sporcle.com Mobile Site →
Comments